Statistics for 漢字4文字・読み4文字の駅名

Click here to take the quiz!

General Stats

  • This quiz has been taken 222 times
  • The average score is 5 of 20

Answer Stats

Answer% Correct
中百舌鳥
61%
吉里吉里
44%
倶利伽羅
40%
阿波加茂
30%
土佐久礼
27%
紀伊日置
24%
伊太祈曽
22%
土佐佐賀
22%
紀伊佐野
21%
伊予氷見
21%
伊勢八知
20%
伊豆多賀
19%
紀伊井田
19%
安芸阿賀
18%
伊予和気
18%
伊勢八太
18%
紀伊由良
17%
伊予土居
17%
土佐加茂
13%
美濃津屋
8%

Score Distribution

Percentile by Number Answered

Percent of People with Each Score

Your Score History

You have not taken this quiz